000 00625nam a2200205Ia 4500
008
040 _aMAIN
_cNUST
090 _aREF KF1357.5
_bCLA
100 1 _aClark, Jesse L.
245 1 4 _aThe encyclopedia of records retention by Clark /
_c[by] Jesse L. Clark.
250 _aRev. 1990.
260 _aEnglewood CLiffs :
_bThe Records Management Group,
_cc1971.
300 _a1 v. (various paging) ;
_c28 cm.
650 0 _aBusiness records.
907 _a.b10299981
_b19-08-11
_c12-07-11
003
005 20230120153125.0
049 _aMAIN
942 _cBOOKS
_kREF KF1357.5
_mCLA
999 _c99180
_d99180